000 00524nam a22001937a 4500
003 CEME
005 20210628204049.0
008 210125b xxu||||| |||| 00| 0 eng d
020 _a0-4893-1793-2
040 _c.
082 _a621.31244 MES
100 _aMessenger, Roger. A:Ventre, Jerry
_968543
245 _aPhotovoltaic systems engineering
250 _a2ND
260 _aNEW YORK
_bCRC PRESS
_c2003
300 _a455P
650 _aPHOTOVOLTAIC POWER SYSTEMS, DWELLINGS - POWER SUPPLY.
_968544
942 _cBK
_2ddc
999 _c576091
_d576091